000 00808nam a22002777a 4500
001 BR8108248
003 BR-BrBNA
005 20230928091145.0
007 ta
008 230509b bl.||||| |||| 00| 0 por d
040 _aBR-BrBNA
_bpor
_cBiblioteca Nacional de Agricultura
041 _a(Por)
072 _aE15
_b/G514
090 _ E15 BR8108248
110 1 _aCooperativa Agropecuaria Mouraoense Ltda., Campo Mourao, PR (Brasil)
_92801
245 1 _aInformacoes cadastrais. 1981 [Cooperativa Agropecuaria Mouraoense Ltda., Parana, Brasil]
260 3 _aCampo Mourao, PR (Brasil):
_c1981.
300 _a53 p.
650 _aCOOPERATIVA
650 _aEMPRESA AGRICOLA
650 _aCADASTRO
650 _aCAMPO MOURAO
650 _aPARANA
909 _a202309
_bLucia
_c55
_dLucia Elande
942 _cBK
999 _c32534
_d32534